| 000 | 00414cam a2200169ua 4500 | ||
|---|---|---|---|
| 041 |
_aeng _h |
||
| 082 |
_a516.23 _bGUN/EL |
||
| 100 | _aGunda, M H . | ||
| 245 |
_aElements of solid geometry / _cM H Gunda. _hTextual Documents |
||
| 260 |
_aPoona : _bRoyal Book Stall , _c1959. |
||
| 300 | _a378 ; . | ||
| 504 | _a | ||
| 700 | 1 | _aArvikar, J S . | |
| 942 | _cBK | ||
| 999 |
_c10758 _d10758 |
||